Fundamentals of ecology / (Record no. 134879)

MARC details
000 -LEADER
fixed length control field 00715nam a22002417a 4500
005 - DATE AND TIME OF LATEST TRANSACTION
control field 20170124110236.0
010 ## - LIBRARY OF CONGRESS CONTROL NUMBER
LC control number A-436461
020 ## - INTERNATIONAL STANDARD BOOK NUMBER
Terms of availability 00.00
International Standard Book Number 0721669417
035 ## - SYSTEM CONTROL NUMBER
System control number A-436461
037 ## - SOURCE OF ACQUISITION
Source of stock number/acquisition Cen Lib/Ret
040 ## - CATALOGING SOURCE
Original cataloging agency DPL
Language of cataloging EN
082 ## - DEWEY DECIMAL CLASSIFICATION NUMBER
Classification number 574.5
Item number ODU
100 ## - MAIN ENTRY--PERSONAL NAME
Personal name Odum, Eugene P.
9 (RLIN) 42049
245 ## - TITLE STATEMENT
Title Fundamentals of ecology /
Statement of responsibility, etc by Eugene P. Odum
250 ## - EDITION STATEMENT
Edition statement 3rd ed
260 ## - PUBLICATION, DISTRIBUTION, ETC. (IMPRINT)
Place of publication, distribution, etc Philadelphia
Name of publisher, distributor, etc Saunders College Publishing
Date of publication, distribution, etc 1971
270 ## - ADDRESS
City Philadelphia
300 ## - PHYSICAL DESCRIPTION
Extent xiv,574p. :
Dimensions 28m(Hb)
Other physical details ill.
500 ## - GENERAL NOTE
General note Includes bibliographical references and index<br/>
650 ## - SUBJECT ADDED ENTRY--TOPICAL TERM
Topical term or geographic name as entry element Ecology
9 (RLIN) 155
650 ## - SUBJECT ADDED ENTRY--TOPICAL TERM
Topical term or geographic name as entry element Ecology -- Principles and concepts
9 (RLIN) 42050
942 ## - ADDED ENTRY ELEMENTS (KOHA)
Source of classification or shelving scheme Dewey Decimal Classification
Koha item type English Books
Classification part 574.5
Call number suffix ODU
Holdings
Withdrawn status Lost status Damaged status Not for loan Collection code Home library Current library Date acquired Source of acquisition Cost, normal purchase price Total Checkouts Full call number Barcode Date last seen Copy number Cost, replacement price Price effective from Koha item type
      Not For Loan Reference Central Library Central Library 31/07/2015 Cen Lib/Ret 0.00   574.5 ODU A-436461 31/07/2015 1 0.00 31/07/2015 English Books

© Delhi Public Library
Hit Counter
free hit counter